Idolos de España - Estadísticas

Estadísticas generales
  • Esta prueba ha sido intentada 130 veces
  • La puntuación promedio es 12 de 16
Estadísticas de respuestas
Imagen Respuesta % Correcto
Pablo motos
96%
Fernando Alonso
94%
Carlos arguiñano
91%
Mario Vaquerizo
91%
Alberto Chicote
90%
Kiko Rivera
89%
Risto Mejide
88%
Joaquin
87%
Arturo Valls
81%
Pepe Rodriguez
79%
Carlos sobera
77%
El Dandy de Barcelona
64%
Monaguillo
58%
El gran Wyoming
53%
Pedro Piqueras
53%
El Churumbel de Malaga
45%
No se encontraron pruebas coincidentes
Distribución de puntuación
Porcentaje de gente con cada puntuación
Porcentaje por número respondido
Historial de tus puntuaciones
No has intentado esta prueba.